000 00879nam a2200265 c 4500
003 BLK
005 20190913121133.0
008 180911b bul|||||r ||||||| ||bul||
010 _a001296
040 _aBLK
041 _aBUL
080 _aКиркович, Рада
_x92
_z371(497.2)(091)(092)92
100 1 _aКИРКОВИЧ, Рада
_eпърви автор
245 0 0 _aСпомени
260 _aСофия
_bпеч. Камбана
_c1927
300 _a70 с
_bс портр.
_c24 см
380 _a0
490 _aЧастна колекция - Академик Михаил Арнаудов
_gДарение - Основен фонд
650 _aБиографии
650 _aУчилищно дело
655 _aбългарско образование
700 1 _aРада Киркович
852 _aМА 1269
942 _cKNG
_n0
944 _aCR
_c1996
_kValK
999 _c341666
_d341666